000 00330nam a2200133Ia 4500
005 20260328104255.0
008 260328s9999||||xx |||||||||||||| ||und||
100 _aRobinson, Wiliam
245 4 _aThe Wild Garden /
_cWiliam Robinson
260 _bTimber Press
300 _a355 p.
650 _aARQUITECTURA Y CLIMA
942 _cBK
999 _c10397
_d10397